000 00417nam a2200181Ia 4500
001 9379
005 20260306161714.0
008 260306t2014||||xx |||||||||||||| ||spa||
041 _aESP
082 _a378.17
_bP29
100 _aPauk, Walter
_eAUT
245 0 _aHow to study in college
260 _c2014
300 _axxvi, 402 páginas :
_c24 cm.
650 _aGEN
654 _aCED
942 _cLIB
_dJUS
_fJUS
_2ddc
_n
999 _c9379
_d9379